[Event "ch-CZE"]
[Site "Decin CZE"]
[Date "2009.02.10"]
[Round "1"]
[White "Polak, T."]
[Black "Cvek, R."]
[Result "1/2-1/2"]
[WhiteElo "2553"]
[BlackElo "2531"]
[PlyCount "60"]
[EventDate "2009.02.10"]
[SourceDate "1999.07.01"]

1. d4 Nf6 2. c4 e6 3. Nf3 b6 4. g3 Ba6 5. b3 Bb7 6. Bg2 Bb4+ 7. Bd2 a5 8. O-O
O-O 9. Bc3 d5 10. Bb2 Be7 11. Nc3 Na6 12. Ne5 c5 13. Rc1 Rb8 14. cxd5 exd5 15.
dxc5 bxc5 16. Na4 Ba8 17. Nd3 Nd7 18. Ba3 Rc8 19. Bh3 d4 20. Qd2 Bg5 21. f4 Be7
22. Bxd7 Qxd7 23. Nb6 Qb5 24. Nxa8 Rxa8 25. Rc4 Rfe8 26. Rfc1 h5 27. R1c2 Rac8
28. Qc1 Qd7 29. Qe1 h4 30. Qf2 hxg3 1/2-1/2

[Event "ch-CUB"]
[Site "Las Tunas CUB"]
[Date "2009.01.24"]
[Round "5"]
[White "Almeida Quintana, O."]
[Black "Hernandez Carmenates, Hold"]
[Result "0-1"]
[WhiteElo "2521"]
[BlackElo "2568"]
[PlyCount "76"]
[EventDate "2009.01.20"]
[SourceDate "1999.07.01"]

1. d4 Nf6 2. Nf3 e6 3. c4 b6 4. a3 Bb7 5. Nc3 d5 6. Qc2 dxc4 7. e4 c5 8. d5
exd5 9. exd5 a6 10. Bg5 Be7 11. O-O-O h6 12. Bh4 O-O 13. Bxc4 Qc8 14. Ne5 Bd8
15. Ba2 Nbd7 16. Nc4 b5 17. Nd6 Qb8 18. Bg3 Bc7 19. Nf5 b4 20. d6 Bd8 21. Nd5
bxa3 22. Nfe7+ Kh8 23. bxa3 Nxd5 24. Nxd5 Bxd5 25. Rxd5 Bf6 26. h4 Qb7 27. Rh5
Rab8 28. Kd2 Qb2 29. Rb1 Qd4+ 30. Qd3 Rb2+ 31. Rxb2 Qxb2+ 32. Qc2 Rb8 33. Bc4
Qxa3 34. Qd3 Qb2+ 35. Ke3 Rb4 36. Kf3 Qc1 37. Bxf7 Rd4 38. Qb3 c4 0-1

[Event "2nd Pfalz Open"]
[Site "Neustadt an der Weinstrasse G"]
[Date "2009.02.20"]
[Round "7"]
[White "Gharamian, T."]
[Black "Maiorov, N1."]
[Result "1/2-1/2"]
[WhiteElo "2581"]
[BlackElo "2524"]
[PlyCount "81"]
[EventDate "2009.02.15"]
[SourceDate "1999.07.01"]

1. d4 Nf6 2. c4 e6 3. Nf3 b6 4. a3 Bb7 5. Nc3 d5 6. cxd5 Nxd5 7. Qc2 Be7 8. e4
Nxc3 9. bxc3 O-O 10. Bd3 c5 11. O-O cxd4 12. cxd4 Qc8 13. Qe2 Ba6 14. Rd1 Bxd3
15. Rxd3 Nd7 16. e5 Qc4 17. Bg5 Bd8 18. Rad1 h6 19. Bf4 b5 20. Nd2 Qc2 21. Rg3
Kh7 22. Qg4 g5 23. h4 Rg8 24. hxg5 Bxg5 25. Bxg5 Rxg5 26. Qf3 Rxg3 27. fxg3 Rf8
28. Ne4 f5 29. Nf2 Nb6 30. Qb7+ Kg8 31. Qxa7 Nd5 32. Qa6 Qc8 33. Qa5 Nc3 34.
Rd3 Ne4 35. Qe1 Qc2 36. Re3 Ng5 37. Qc3 Rc8 38. Qxc2 Rxc2 39. Rb3 Rc1+ 40. Kh2
Rc2 41. Nh3 1/2-1/2

[Event "25th Open"]
[Site "Cappelle la Grande FRA"]
[Date "2009.03.01"]
[Round "2"]
[White "Naumkin, I."]
[Black "Zubarev, Al1"]
[Result "1/2-1/2"]
[WhiteElo "2501"]
[BlackElo "2566"]
[PlyCount "55"]
[EventDate "2009.02.28"]
[SourceDate "1999.07.01"]

1. d4 Nf6 2. c4 e6 3. Nf3 b6 4. g3 Ba6 5. b3 Bb4+ 6. Bd2 Be7 7. Bg2 c6 8. Bc3
d5 9. Nbd2 Nbd7 10. O-O O-O 11. Re1 Bb7 12. e4 a5 13. Qc2 Rc8 14. Rad1 Qc7 15.
h4 Rfd8 16. Ng5 h6 17. Nh3 dxe4 18. Nxe4 c5 19. dxc5 Bxe4 20. Bxe4 Nxc5 21. Bf3
Ne8 22. Nf4 Bf6 23. Ne2 Bxc3 24. Nxc3 Nd6 25. Re2 Nf5 26. Red2 Qe7 27. Nb5 g6
28. Bg2 1/2-1/2

[Event "25th Open"]
[Site "Cappelle la Grande FRA"]
[Date "2009.03.02"]
[Round "3"]
[White "Gelashvili, T."]
[Black "Tunik, G."]
[Result "1-0"]
[WhiteElo "2622"]
[BlackElo "2506"]
[PlyCount "105"]
[EventDate "2009.02.28"]
[SourceDate "1999.07.01"]

1. d4 Nf6 2. Nf3 e6 3. c4 b6 4. e3 Bb7 5. Bd3 d5 6. O-O Nbd7 7. Nc3 Bd6 8. cxd5
exd5 9. Qc2 c5 10. e4 c4 11. e5 cxd3 12. Qxd3 Be7 13. exf6 Nxf6 14. Qb5+ Kf8
15. Bf4 Ne4 16. Rac1 Nd6 17. Qe2 f6 18. Rfe1 Qd7 19. Nd2 Nf5 20. Nb5 Ba6 21.
Rc7 Bxb5 22. Rxd7 Bxe2 23. Rxe2 h5 24. Nf3 g5 25. Rxd5 Nh6 26. Rd7 Nf5 27. Bd2
a5 28. d5 Re8 29. Bc3 Rh6 30. Nd4 Nxd4 31. Bxd4 Bd8 32. Re6 Rxe6 33. dxe6 Ke8
34. Be3 Rg6 35. Rf7 f5 36. Rxf5 Rxe6 37. h3 Rg6 38. g4 hxg4 39. hxg4 Kd7 40.
Rd5+ Kc8 41. Kg2 Be7 42. a4 Kc7 43. Kf3 Kc6 44. Rb5 Bd8 45. Ke4 Re6+ 46. Re5
Rg6 47. b3 Kd6 48. Rd5+ Kc7 49. f4 gxf4 50. Bxf4+ Kc8 51. g5 Rc6 52. Kf5 Be7
53. Be5 1-0

[Event "25th Open"]
[Site "Cappelle la Grande FRA"]
[Date "2009.03.02"]
[Round "3"]
[White "Malakhatko, V."]
[Black "Naumkin, I."]
[Result "1-0"]
[WhiteElo "2610"]
[BlackElo "2501"]
[PlyCount "97"]
[EventDate "2009.02.28"]
[SourceDate "1999.07.01"]

1. d4 Nf6 2. c4 e6 3. Nf3 b6 4. g3 Bb7 5. Bg2 Be7 6. O-O O-O 7. Nc3 Ne4 8. Bd2
f5 9. Qc2 Nxc3 10. Bxc3 Be4 11. Qd2 Bf6 12. b4 d6 13. Rfd1 Nd7 14. a4 Qe7 15.
Qb2 Rae8 16. a5 e5 17. axb6 axb6 18. Ra7 exd4 19. Bxd4 Bxd4 20. Qxd4 Qd8 21. e3
Kh8 22. Qc3 h6 23. Nd4 Ne5 24. Nb5 Re7 25. c5 bxc5 26. bxc5 d5 27. c6 Qe8 28.
Nd4 Qh5 29. Rda1 Kh7 30. Qc5 Rff7 31. Ra8 Bxg2 32. Kxg2 Ng4 33. Nf3 Nf6 34. Rb8
f4 35. exf4 Re2 36. Qb5 Re4 37. Qd3 g5 38. Ne5 gxf4 39. Nxf7 Ng4 40. Rh8+ Kg7
41. Rxh6 Qxf7 42. Rh4 Ne5 43. Qd2 Ng6 44. Rh5 Qf6 45. Qxd5 f3+ 46. Kh3 Re5 47.
Rxe5 Nxe5 48. Ra4 Qf5+ 49. g4 1-0

[Event "25th Open"]
[Site "Cappelle la Grande FRA"]
[Date "2009.03.03"]
[Round "5"]
[White "Malakhatko, V."]
[Black "Smirnov, I UKR."]
[Result "0-1"]
[WhiteElo "2610"]
[BlackElo "2505"]
[PlyCount "100"]
[EventDate "2009.02.28"]
[SourceDate "1999.07.01"]

1. d4 Nf6 2. c4 e6 3. Nf3 b6 4. g3 Bb7 5. Bg2 Bb4+ 6. Bd2 c5 7. O-O O-O 8. Bc3
Na6 9. d5 exd5 10. Nh4 Ne4 11. cxd5 Re8 12. Qd3 Nd6 13. Nd2 Bxc3 14. bxc3 c4
15. Qf3 Qg5 16. Rad1 Nc5 17. Rfe1 f5 18. Qf4 Qxf4 19. gxf4 b5 20. Nb1 Re7 21.
Kf1 Rae8 22. Bf3 Kf7 23. Ng2 Kf6 24. Rd4 a5 25. Nd2 Na4 26. Rc1 Ba6 27. Ne3 Rc8
28. Kg2 h6 29. h4 g5 30. hxg5+ hxg5 31. fxg5+ Kxg5 32. Nb1 Rh7 33. Nc2 Rg8 34.
Rh1 Kf6+ 35. Kf1 Rxh1+ 36. Bxh1 Rh8 37. Bg2 Ke5 38. a3 Bb7 39. Ne1 Nb6 40. Nf3+
Kf6 41. Nfd2 b4 42. axb4 axb4 43. cxb4 Nb5 44. Rf4 c3 45. Nb3 Bxd5 46. Nxc3
Nxc3 47. Nd4 Be6 48. Nxf5 Bxf5 49. e4 Nxe4 50. Bxe4 Ke5 0-1

[Event "25th Open"]
[Site "Cappelle la Grande FRA"]
[Date "2009.03.04"]
[Round "6"]
[White "Burmakin, V."]
[Black "Zakhartsov, Vi"]
[Result "1/2-1/2"]
[WhiteElo "2623"]
[BlackElo "2529"]
[PlyCount "58"]
[EventDate "2009.02.28"]
[SourceDate "1999.07.01"]

1. d4 Nf6 2. Nf3 e6 3. c4 b6 4. g3 Ba6 5. b3 Bb4+ 6. Bd2 Be7 7. Nc3 c6 8. e4 d5
9. e5 Ne4 10. Bd3 Nxc3 11. Bxc3 Bb7 12. Qe2 c5 13. O-O O-O 14. Rfd1 Na6 15.
Rac1 cxd4 16. Nxd4 Ba3 17. Bb2 Bxb2 18. Qxb2 dxc4 19. Bxc4 Qe7 20. Nb5 Nb4 21.
a3 Nd5 22. Nd6 Rad8 23. Nxb7 Qxb7 24. Qd4 Qb8 25. Bd3 g6 26. Bb5 Nc7 27. Bd7
Nd5 28. Bc6 Ne7 29. Bd7 Nd5 1/2-1/2

[Event "25th Open"]
[Site "Cappelle la Grande FRA"]
[Date "2009.03.04"]
[Round "6"]
[White "Korobov, A."]
[Black "Maiorov, N1."]
[Result "1-0"]
[WhiteElo "2613"]
[BlackElo "2524"]
[PlyCount "65"]
[EventDate "2009.02.28"]
[SourceDate "1999.07.01"]

1. d4 Nf6 2. c4 e6 3. Nf3 b6 4. Nc3 Bb7 5. Bg5 h6 6. Bh4 Be7 7. e3 O-O 8. Bd3
c5 9. O-O d6 10. Qe2 Nbd7 11. Rad1 cxd4 12. exd4 Re8 13. Rfe1 Rc8 14. Nd2 d5
15. Bg3 Nf8 16. Nf3 dxc4 17. Bxc4 Bb4 18. Ne5 Re7 19. Rc1 Rec7 20. Red1 Bxc3
21. Rxc3 b5 22. Bxb5 Rxc3 23. bxc3 Rxc3 24. Qb2 Rc8 25. Qa3 Ne4 26. Qxa7 Qd5
27. Bf1 Ra8 28. Qb6 Nc3 29. Re1 f6 30. Qc7 Nxa2 31. Qf7+ Kh8 32. Rb1 Ba6 33.
Bxa6 1-0

[Event "25th Open"]
[Site "Cappelle la Grande FRA"]
[Date "2009.03.05"]
[Round "7"]
[White "Miroshnichenko, E."]
[Black "Sokolov, And1"]
[Result "1/2-1/2"]
[WhiteElo "2667"]
[BlackElo "2552"]
[PlyCount "195"]
[EventDate "2009.02.28"]
[SourceDate "1999.07.01"]

1. c4 Nf6 2. Nf3 e6 3. d4 b6 4. g3 Ba6 5. Qc2 Bb4+ 6. Bd2 Be7 7. Bg2 O-O 8. b4
Bb7 9. O-O c5 10. dxc5 bxc5 11. b5 d5 12. a4 Nbd7 13. e3 a6 14. a5 axb5 15.
cxb5 Ne4 16. a6 Bc8 17. Ba5 Qe8 18. Nc3 f5 19. Rfb1 c4 20. Nd4 Ndc5 21. Bb4 Rf7
22. Bxc5 Bxc5 23. Na4 Qf8 24. f3 Nf6 25. Qc3 Qd6 26. Nxc5 Qxc5 27. f4 Ne8 28.
b6 Rxa6 29. Rxa6 Bxa6 30. Nxe6 Qd6 31. Qe5 Bb7 32. Qxd6 Nxd6 33. Nd8 Rd7 34.
Nxb7 Nxb7 35. Rb5 Kf8 36. Kf2 c3 37. Rb3 c2 38. Rc3 Rd6 39. Rxc2 Rxb6 40. Bxd5
Nd6 41. Kf3 Ne8 42. h3 h5 43. Rc8 Ke7 44. Ra8 Nc7 45. Ra7 Kd8 46. Bc4 Rc6 47.
Bf7 Rf6 48. Ba2 Rc6 49. Ra5 g6 50. Re5 Ra6 51. Bg8 Ne8 52. Bf7 Ng7 53. g4 hxg4+
54. hxg4 Rf6 55. Bd5 Rb6 56. gxf5 Nxf5 57. Bf7 Rf6 58. Be6 Ng7 59. Bg4 Rf7 60.
e4 Ra7 61. Kg3 Ne8 62. Re6 Re7 63. Kh4 Rxe6 64. Bxe6 Ke7 65. Bd5 Kf6 66. Kg4
Nc7 67. Bc4 Ne8 68. e5+ Kg7 69. Kg5 Nc7 70. Kh4 Ne8 71. Kg4 Nc7 72. Kf3 Kf8 73.
Ke4 Ke7 74. Kd4 Kf8 75. Kc5 Ke7 76. Kd4 Kf8 77. Bb3 Ke8 78. Kc5 Ke7 79. Bc4 Ne8
80. Bd3 Nc7 81. Kd4 Kf7 82. Ke4 Kg7 83. Bc4 Kf8 84. Kf3 Kg7 85. Kg4 Ne8 86. Kh4
Nc7 87. Kg5 Ne8 88. Bb3 Nc7 89. e6 Kf8 90. Kxg6 Ke7 91. Kf5 Ne8 92. Ke5 Nf6 93.
Bd1 Ng8 94. Bf3 Nf6 95. Be2 Ng8 96. Bg4 Nf6 97. Bf5 Ng8 98. Bg6 1/2-1/2

[Event "25th Open"]
[Site "Cappelle la Grande FRA"]
[Date "2009.03.06"]
[Round "8"]
[White "Vazquez Igarza, R."]
[Black "Kravtsiv, M."]
[Result "1/2-1/2"]
[WhiteElo "2558"]
[BlackElo "2510"]
[PlyCount "118"]
[EventDate "2009.02.28"]
[SourceDate "1999.07.01"]

1. d4 Nf6 2. c4 e6 3. Nf3 b6 4. g3 Bb7 5. Bg2 Be7 6. O-O O-O 7. d5 exd5 8. Nh4
c6 9. cxd5 Nxd5 10. Nf5 Bf6 11. e4 Ne7 12. Nd6 Ba6 13. Re1 Be5 14. Nc3 c5 15.
Bf4 Ng6 16. Bxe5 Nxe5 17. f4 Nd3 18. Re3 c4 19. e5 Nc6 20. Rxd3 cxd3 21. Qa4
Bc8 22. Bd5 b5 23. Qb3 Qb6+ 24. Kh1 Na5 25. Qxb5 Qxb5 26. Ncxb5 Rb8 27. b3 a6
28. Nc3 Bb7 29. Rd1 Bxd5+ 30. Nxd5 Nb7 31. Rxd3 Nxd6 32. Ne7+ Kh8 33. Rxd6 Rfd8
34. Kg2 a5 35. Kf3 Rb7 36. Ra6 Rb5 37. Nf5 Rc5 38. Nd6 Rf8 39. Ra7 Kg8 40. Rxd7
Rc2 41. f5 Rxa2 42. Ke3 Rxh2 43. e6 fxe6 44. fxe6 Rh6 45. e7 Re6+ 46. Kd4 Rxd6+
47. Rxd6 Re8 48. Rd5 Rxe7 49. Rxa5 Rb7 50. Kc4 Kf7 51. b4 Ke6 52. b5 Kf5 53.
b6+ Kg4 54. Kc5 g5 55. Kc6 Rb8 56. Kc7 Rg8 57. b7 Rg7+ 58. Kc6 Rxb7 59. Kxb7 h5
1/2-1/2

[Event "65th ch-RUS HL"]
[Site "?"]
[Date "2012.??.??"]
[Round "5"]
[White "Lintchevski, D."]
[Black "Alekseev, Evgeny"]
[Result "1/2-1/2"]
[WhiteElo "2560"]
[BlackElo "2675"]
[PlyCount "54"]
[EventDate "2012.??.??"]
[SourceDate "1999.07.01"]

1. d4 Nf6 2. c4 e6 3. Nf3 b6 4. g3 Ba6 5. b3 Bb4+ 6. Bd2 Be7 7. Bg2 d5 8. cxd5
exd5 9. O-O O-O 10. Nc3 c6 11. Ne5 Nfd7 12. Ng4 Nf6 13. Nxf6+ Bxf6 14. Bf4 Nd7
15. Rc1 Be7 16. Re1 Nf6 17. e4 dxe4 18. Nxe4 Nd5 19. Bd2 Nb4 20. Nf6+ gxf6 21.
Qh5 f5 22. Rxe7 Qxe7 23. Bxb4 Qxb4 24. Qg5+ Kh8 25. Qf6+ Kg8 26. Qg5+ Kh8 27.
Qf6+ Kg8 1/2-1/2

[Event "16th Voronezh Master Open"]
[Site "?"]
[Date "2012.??.??"]
[Round "8"]
[White "Kovalenko, I."]
[Black "Dvoirys, S."]
[Result "1/2-1/2"]
[WhiteElo "2560"]
[BlackElo "2570"]
[PlyCount "148"]
[EventDate "2012.??.??"]
[SourceDate "1999.07.01"]

1. d4 Nf6 2. c4 e6 3. Nf3 b6 4. e3 Bb7 5. Bd3 d5 6. Nc3 Be7 7. cxd5 exd5 8. O-O
O-O 9. b3 c5 10. Bb2 Re8 11. Rc1 Nbd7 12. Qe2 a6 13. Rfd1 Bf8 14. Bf5 Rc8 15.
Ne5 cxd4 16. exd4 g6 17. Bh3 Bh6 18. Rb1 Bf4 19. Qf3 Bxe5 20. dxe5 Nxe5 21. Qf4
Rc6 22. Qd4 Rd6 23. Ba3 Rc6 24. Re1 Qc7 25. Bb2 g5 26. Bf5 Qd6 27. h4 gxh4 28.
Qxh4 Ng6 29. Rxe8+ Nxe8 30. Bxg6 fxg6 31. Ne2 Ng7 32. Nd4 Rc7 33. Re1 Rf7 34.
f3 Bc8 35. Bc1 h5 36. Qg5 Bf5 37. Kf2 Qf6 38. Qxf6 Rxf6 39. Bg5 Rf7 40. Bh6 Rc7
41. Re5 Rd7 42. Ke3 Bb1 43. Bxg7 Kxg7 44. a3 Kf7 45. Kf4 Rc7 46. Re6 Rc2 47.
Re1 Rd2 48. Ke5 Bf5 49. Rg1 h4 50. Rh1 Rxg2 51. Rxh4 Kg7 52. Rh1 b5 53. Ra1 Bh3
54. a4 bxa4 55. Rxa4 Bc8 56. Ra5 Rg1 57. Rc5 Re1+ 58. Kf4 Bh3 59. Rxd5 Rc1 60.
Rd6 Bc8 61. Rb6 Rc7 62. Ke5 Rc3 63. b4 Rc1 64. Nc6 Rf1 65. f4 Re1+ 66. Kd6 Re4
67. Kc7 Bf5 68. Rxa6 Rxf4 69. Ra3 Be4 70. b5 g5 71. Rc3 Rf7+ 72. Kd6 g4 73. b6
Rf6+ 74. Kc7 Rxc6+ 1/2-1/2

[Event "Chess Classic ELO Open 2013"]
[Site "Baden-Baden GER"]
[Date "2013.02.09"]
[Round "3.2"]
[White "Chatalbashev, B."]
[Black "Iordachescu, V."]
[Result "1/2-1/2"]
[WhiteElo "2552"]
[BlackElo "2610"]
[PlyCount "45"]
[EventDate "2013.02.07"]
[SourceDate "1999.07.01"]

1. d4 Nf6 2. c4 e6 3. Nf3 b6 4. Nc3 Bb4 5. e3 Bb7 6. Bd3 O-O 7. O-O c5 8. Na4
cxd4 9. exd4 Re8 10. a3 Bf8 11. Bg5 h6 12. Bh4 Bxf3 13. Qxf3 Nc6 14. Qe3 Be7
15. Rfe1 d5 16. c5 e5 17. dxe5 Ng4 18. Bxe7 Rxe7 19. Qg3 Ngxe5 20. Bb5 bxc5 21.
Nxc5 Qb6 22. Bxc6 Nxc6 23. Rxe7 1/2-1/2

[Event "Moscow Open A 2013"]
[Site "Moscow RUS"]
[Date "2013.02.08"]
[Round "7.9"]
[White "Kovalenko, I."]
[Black "Vidit, S."]
[Result "1-0"]
[WhiteElo "2586"]
[BlackElo "2546"]
[PlyCount "101"]
[EventDate "2013.02.02"]
[SourceDate "1999.07.01"]

1. d4 Nf6 2. c4 e6 3. Nf3 b6 4. e3 Bb7 5. Bd3 d5 6. O-O Nbd7 7. cxd5 exd5 8. b3
Bd6 9. Ba3 c5 10. Nc3 O-O 11. Rc1 Qe7 12. Na4 Rac8 13. Qe2 Rc7 14. Ba6 Bc6 15.
Nc3 Ne4 16. Bb2 Ndf6 17. Nb5 Bxb5 18. Bxb5 Rfc8 19. Ba6 Re8 20. h3 Qe6 21. Rfd1
Rce7 22. Bb5 Rc8 23. Ne5 Rec7 24. Ba6 cxd4 25. Rxc7 Rxc7 26. exd4 Nc3 27. Bxc3
Rxc3 28. Bd3 Qc8 29. Qd2 Ba3 30. g3 Bb4 31. Qb2 Rc7 32. Kg2 g6 33. Qe2 Rc1 34.
Ba6 Qc2 35. Rxc1 Qxc1 36. Nd3 Qa3 37. Qe5 Be7 38. Qb8+ Bf8 39. Qxa7 Ne4 40. Ne5
Nd6 41. Qxb6 Qxa2 42. Bb7 Ne4 43. Ng4 Qe2 44. Bxd5 Nd6 45. Qc7 Qe7 46. Qb8 Kg7
47. Ne5 Nf5 48. Nxf7 Nxd4 49. h4 Nc6 50. Qf4 Nb4 51. Bc4 1-0

[Event "Moscow Open A 2013"]
[Site "Moscow RUS"]
[Date "2013.02.10"]
[Round "9.5"]
[White "Ibragimov, I."]
[Black "Iturrizaga, E."]
[Result "0-1"]
[WhiteElo "2555"]
[BlackElo "2646"]
[PlyCount "112"]
[EventDate "2013.02.02"]
[SourceDate "1999.07.01"]

1. d4 Nf6 2. c4 e6 3. Nf3 b6 4. g3 Bb7 5. Bg2 Be7 6. O-O O-O 7. Re1 c5 8. d5
exd5 9. Nh4 Ne4 10. cxd5 Bxh4 11. Bxe4 Bf6 12. Qc2 h6 13. Nc3 d6 14. Bf4 Qe7
15. Bg2 Nd7 16. Rad1 Rfe8 17. Bc1 a6 18. Ne4 b5 19. Nxf6+ Qxf6 20. b3 a5 21.
Bb2 Qg6 22. Qxg6 fxg6 23. Bh3 Bc8 24. e4 a4 25. f4 axb3 26. axb3 Ra2 27. Ba1
Nb6 28. Bxc8 Rxc8 29. e5 Rd8 30. exd6 Rxd6 31. Re7 Rxd5 32. Rde1 Rd7 33. Rxd7
Nxd7 34. Bxg7 Kxg7 35. Re7+ Kf6 36. Rxd7 Ke6 37. Rb7 c4 38. bxc4 bxc4 39. Rc7
Kd5 40. g4 Kd4 41. f5 Ra6 42. Rd7+ Ke3 43. Rc7 Kd3 44. Rd7+ Kc2 45. Kf2 gxf5
46. gxf5 Rf6 47. Rd5 c3 48. Ke3 Rc6 49. Ke4 Kc1 50. Rd3 c2 51. Rg3 Kb1 52. Rg1+
c1=Q 53. Rxc1+ Kxc1 54. Ke5 Kd2 55. f6 Ke3 56. h4 Rc5+ 0-1

[Event "13th ch-CRO 2013"]
[Site "Plitvicka Jezera CRO"]
[Date "2013.01.31"]
[Round "11.4"]
[White "Jovanic, O."]
[Black "Kuljasevic, D."]
[Result "1/2-1/2"]
[WhiteElo "2547"]
[BlackElo "2557"]
[PlyCount "69"]
[EventDate "2013.01.21"]
[SourceDate "1999.07.01"]

1. d4 Nf6 2. c4 e6 3. Nf3 b6 4. a3 Ba6 5. Qb3 Be7 6. Nc3 d5 7. cxd5 Nxd5 8. Bd2
O-O 9. Rd1 Nxc3 10. Bxc3 Nd7 11. g3 Bb7 12. Bg2 Qc8 13. O-O Bd5 14. Qa4 Rd8 15.
Rfe1 Be4 16. Nh4 Qb7 17. Bxe4 Qxe4 18. Ng2 c5 19. f3 Qb7 20. dxc5 Bxc5+ 21. Kf1
Be7 22. Rd3 b5 23. Qc2 Nf6 24. Bxf6 Bxf6 25. Red1 Rxd3 26. Rxd3 Rc8 27. Qd2 Qc7
28. Ne1 Qc1 29. Qxc1 Rxc1 30. Rb3 a6 31. a4 Rb1 32. axb5 axb5 33. Rxb5 Rxb2 34.
Rxb2 Bxb2 35. Nd3 1/2-1/2

[Event "Bundesliga 2012-13"]
[Site "Essen GER"]
[Date "2013.02.02"]
[Round "7"]
[White "Khenkin, I."]
[Black "Kryvoruchko, Y."]
[Result "1/2-1/2"]
[WhiteElo "2655"]
[BlackElo "2679"]
[PlyCount "41"]
[EventDate "2012.10.20"]
[EventType "team"]
[SourceDate "1999.07.01"]
[WhiteTeam "Wiesbadener SV"]
[BlackTeam "SF Katernberg"]

1. d4 Nf6 2. c4 e6 3. Nf3 b6 4. g3 Bb7 5. Bg2 Be7 6. O-O O-O 7. Nc3 Ne4 8. Nxe4
Bxe4 9. Nh4 Bxg2 10. Nxg2 d5 11. Qa4 dxc4 12. Qxc4 c5 13. dxc5 Bxc5 14. Be3
Bxe3 15. Nxe3 Qc8 16. Rfd1 Na6 17. Rac1 Qb7 18. Qf4 Rac8 19. b4 Rxc1 20. Rxc1
Rc8 21. Rxc8+ 1/2-1/2

[Event "11th Gibraltar Masters"]
[Site "Caleta ENG"]
[Date "2013.01.27"]
[Round "6.4"]
[White "Georgiev, Ki"]
[Black "Yu Yangyi"]
[Result "1-0"]
[WhiteElo "2643"]
[BlackElo "2688"]
[PlyCount "87"]
[EventDate "2013.01.22"]
[SourceDate "1999.07.01"]

1. d4 Nf6 2. c4 e6 3. Nf3 b6 4. g3 Bb7 5. Bg2 c5 6. d5 exd5 7. Ng5 h6 8. Nh3
Qc8 9. cxd5 d6 10. Nc3 Be7 11. O-O O-O 12. f4 a6 13. e4 Nbd7 14. Re1 Qb8 15.
Nf2 Re8 16. Be3 b5 17. a3 a5 18. a4 b4 19. Nb5 Bf8 20. Qc2 Ba6 21. Bf1 h5 22.
Rad1 g6 23. b3 Bg7 24. Bc1 Ng4 25. Nxg4 hxg4 26. Bb2 Qb6 27. Kh1 Re7 28. e5
dxe5 29. d6 Ree8 30. Nc7 Bxf1 31. Rxf1 Qc6+ 32. Kg1 exf4 33. Bxg7 Kxg7 34. Rxf4
f5 35. Qb2+ Kf7 36. Rff1 Ne5 37. Nxa8 Nf3+ 38. Rxf3 Qxf3 39. Qd2 Rxa8 40. Re1
Rd8 41. Qh6 Re8 42. Qh7+ Kf6 43. Qe7+ Rxe7 44. dxe7 1-0

[Event "11th Gibraltar Masters"]
[Site "Caleta ENG"]
[Date "2013.01.27"]
[Round "6.6"]
[White "Dzagnidze, N."]
[Black "Adams, Mi"]
[Result "0-1"]
[WhiteElo "2555"]
[BlackElo "2725"]
[PlyCount "82"]
[EventDate "2013.01.22"]
[SourceDate "1999.07.01"]

1. d4 Nf6 2. Nf3 e6 3. c4 b6 4. g3 Bb7 5. Bg2 c5 6. d5 exd5 7. Nh4 g6 8. Nc3
Bg7 9. O-O d6 10. Bg5 Qd7 11. cxd5 h6 12. Bd2 b5 13. a3 O-O 14. e4 Na6 15. Qb3
Nc7 16. Rfe1 a5 17. Qa2 Rfe8 18. a4 b4 19. Nd1 Re7 20. f4 Rae8 21. Nf2 Nfxd5
22. exd5 Re2 23. Rxe2 Rxe2 24. Rd1 Bd4 25. Be1 Qe8 26. Nf3 Qe3 27. Qb1 Rxb2 28.
Qc1 Qxc1 29. Rxc1 Be3 30. Rd1 c4 31. Ne5 dxe5 32. d6 Bxg2 33. f5 Bb7 34. d7 Bg5
35. d8=Q+ Bxd8 36. Rxd8+ Kg7 37. Rd7 Rb1 38. Kf1 c3 39. f6+ Kxf6 40. Ng4+ Kg5
41. Nxe5 c2 0-1

[Event "13th ch-CRO 2013"]
[Site "Plitvicka Jezera CRO"]
[Date "2013.01.22"]
[Round "2.3"]
[White "Jovanic, O."]
[Black "Saric, A."]
[Result "1/2-1/2"]
[WhiteElo "2547"]
[BlackElo "2540"]
[PlyCount "45"]
[EventDate "2013.01.21"]
[SourceDate "1999.07.01"]

1. d4 Nf6 2. Nf3 e6 3. c4 b6 4. Nc3 Bb7 5. Bg5 h6 6. Bh4 Be7 7. e3 O-O 8. Bd3
d5 9. O-O Nbd7 10. cxd5 Nxd5 11. Nxd5 Bxd5 12. Bg3 c5 13. Qe2 cxd4 14. Nxd4 Bh4
15. Bd6 Be7 16. Bg3 Bh4 17. Rac1 Bxg3 18. hxg3 Rc8 19. a3 Qe7 20. Rfd1 Rfd8 21.
Rxc8 Rxc8 22. Ba6 Rd8 23. b4 1/2-1/2

[Event "13th ch-CRO 2013"]
[Site "Plitvicka Jezera CRO"]
[Date "2013.01.27"]
[Round "7.2"]
[White "Saric, A."]
[Black "Kuljasevic, D."]
[Result "1/2-1/2"]
[WhiteElo "2540"]
[BlackElo "2557"]
[PlyCount "175"]
[EventDate "2013.01.21"]
[SourceDate "1999.07.01"]

1. d4 Nf6 2. c4 e6 3. Nf3 b6 4. a3 Bb7 5. Nc3 d5 6. Bg5 Be7 7. e3 O-O 8. Rc1 h6
9. Bh4 Nbd7 10. Be2 c5 11. O-O cxd4 12. Nxd4 dxc4 13. Bxc4 Ne5 14. Be2 Nd5 15.
Bg3 Nxc3 16. Rxc3 Qd5 17. f3 Rac8 18. e4 Qd6 19. Nb5 Qxd1 20. Rxd1 Rxc3 21.
Nxc3 Bf6 22. f4 Nc6 23. e5 Bd8 24. Bf3 Na5 25. Bxb7 Nxb7 26. Rd7 Nc5 27. Rxa7
Nd3 28. b4 g5 29. Ne2 Re8 30. Ra8 Kf8 31. Rc8 Be7 32. Rc3 Rd8 33. Kf1 b5 34.
Rb3 Ke8 35. fxg5 Bxg5 36. Nc3 Nc1 37. Rb2 Be3 38. Be1 Bd4 39. Rc2 Bxc3 40. Bxc3
Nd3 41. Rd2 Rd7 42. Ke2 Nf4+ 43. Kf3 Nd5 44. Bd4 Kf8 45. Ke4 Kg7 46. Rd3 Rd8
47. Bc5 Rc8 48. Rg3+ Kh7 49. Kd3 Rc7 50. Rf3 Kg6 51. Ke4 Rc8 52. Rg3+ Kh7 53.
h4 Ra8 54. h5 Rd8 55. Rf3 Kg7 56. Rd3 Rc8 57. Rg3+ Kh7 58. Rf3 Kg8 59. Kd3 Kg7
60. Kd2 Rd8 61. Kc2 f6 62. exf6+ Nxf6 63. Kb3 Rd5 64. a4 bxa4+ 65. Kxa4 Rxh5
66. Bd4 e5 67. Bb2 Kg6 68. Re3 Rg5 69. g3 Nd5 70. Rxe5 Rxe5 71. Bxe5 Kf5 72.
Bd4 Kg4 73. b5 Kxg3 74. Kb3 Kf4 75. Kc4 Ke4 76. Bf2 Ke5 77. Kc5 Ke6 78. Be1 Ne7
79. Bh4 Nd5 80. Be1 Ke5 81. Bg3+ Ke6 82. Kc6 Nb4+ 83. Kc7 Nd5+ 84. Kc6 Nb4+ 85.
Kb7 Kd7 86. Ka7 Nd5 87. Bh2 Kc8 88. Bg3 1/2-1/2

[Event "Dvorkovich Mem 2013"]
[Site "Taganrog RUS"]
[Date "2013.01.18"]
[Round "4.2"]
[White "Dobrov, V."]
[Black "Popov, Iv RUS"]
[Result "1/2-1/2"]
[WhiteElo "2524"]
[BlackElo "2623"]
[PlyCount "104"]
[EventDate "2013.01.15"]
[SourceDate "1999.07.01"]

1. d4 Nf6 2. c4 e6 3. Nf3 b6 4. g3 Ba6 5. b3 Bb4+ 6. Bd2 Be7 7. Nc3 Bb7 8. Bg2
Ne4 9. O-O O-O 10. d5 Nxd2 11. Qxd2 Bf6 12. Rac1 d6 13. Ne1 e5 14. Nd3 a5 15.
a3 Ba6 16. Qa2 Bc8 17. Qc2 Bf5 18. e4 Bd7 19. f4 Qe7 20. f5 c5 21. h4 Na6 22.
Nf2 Nc7 23. a4 g5 24. fxg6 fxg6 25. Bh3 Bg7 26. Kg2 h5 27. Bxd7 Qxd7 28. Qd2
Kh7 29. Qe2 Bh6 30. Rcd1 Rf7 31. Nb5 Raf8 32. Nd3 Ne8 33. Rxf7+ Rxf7 34. Rf1
Rxf1 35. Qxf1 Kg7 36. Qf3 Nf6 37. Nf2 Kf7 38. Kf1 Ke7 39. Ke2 Bc1 40. Kd3 Bh6
41. Nc3 Qc8 42. Nb5 Qd7 43. Kc2 Ng4 44. Nxg4 Qxg4 45. Qxg4 hxg4 46. Kd3 Bc1 47.
Nc7 Kd7 48. Ne6 Bh6 49. Ke2 Kc8 50. Kf1 Kd7 51. Kg2 Kc8 52. Ng5 Bxg5 1/2-1/2

[Event "Dvorkovich Mem 2013"]
[Site "Taganrog RUS"]
[Date "2013.01.20"]
[Round "6.3"]
[White "Dobrov, V."]
[Black "Bocharov, D."]
[Result "1-0"]
[WhiteElo "2524"]
[BlackElo "2614"]
[PlyCount "103"]
[EventDate "2013.01.15"]
[SourceDate "1999.07.01"]

1. d4 Nf6 2. c4 e6 3. Nf3 b6 4. a3 Ba6 5. Qc2 Bb7 6. Nc3 c5 7. e4 cxd4 8. Nxd4
Bc5 9. Nb3 Nc6 10. Bg5 h6 11. Bh4 Nd4 12. Nxd4 Bxd4 13. Bd3 Qb8 14. O-O Be5 15.
Kh1 g5 16. Bg3 Nh5 17. Bxe5 Qxe5 18. Be2 Nf4 19. Rad1 Bc6 20. Rfe1 O-O 21. Bf1
Rfe8 22. Re3 Rac8 23. Qd2 Rcd8 24. Kg1 Ng6 25. b4 Qf6 26. a4 Ne5 27. Qd4 Kg7
28. a5 Ng4 29. Qxf6+ Kxf6 30. Rg3 Ne5 31. axb6 axb6 32. b5 Ba8 33. Na4 Rb8 34.
Rd6 Ke7 35. Rxb6 Bxe4 36. Re3 Bc2 37. Rxb8 Rxb8 38. Nc5 f6 39. Na6 Ra8 40. c5
d5 41. Rxe5 fxe5 42. b6 d4 43. b7 Rf8 44. c6 Be4 45. Bb5 Kd6 46. b8=Q+ Rxb8 47.
Nxb8 Kc7 48. Na6+ Kb6 49. c7 Bb7 50. Bc4 Bxa6 51. Bxa6 Kxc7 52. f3 1-0